000 00533nam a2200181Ia 4500
008 240925s9999 xx 000 0 und d
020 _a77072154
082 _a005.453 BEN
100 _aBennett, J. P.
245 0 _aIntroduction to Compiling Techniques: a first course using aNSI C,LEX and YACC
250 _aNA
260 _aLondon:
_bMcGraw-Hill
_c,1960.
300 _aix,235p.
_bNA
_fOriginal
500 _aIncludes Index
600 _aComputer Science
650 _aComputer science, information & general works
942 _cBK
999 _c3230
_d3230